00270nam a22000737a 4500008004100000040005500041245002000096260008000116230829b |||||||| |||| 00| 0 eng d aNational Science LibrarycNational Science Library aCSIRO abstracts aMelbourne: bCommonwealth Scientific and Industrial Research Organization,